[Event "Najdorf Memorial 12th"]
[Site "Buenos Aires"]
[Date "2001.09.05"]
[Round "2"]
[White "Kortschnoj, Viktor Lvovich"]
[Black "Felgaer, Ruben Alejandro"]
[Result "1-0"]
[WhiteElo "2617"]
[BlackElo "2471"]
[Annotator "Stohl,I"]
[PlyCount "71"]
[EventDate "2001.09.04"]
[EventType "tourn"]
[EventRounds "9"]
[EventCountry "ARG"]
[EventCategory "14"]
[SourceTitle "CBM 085"]
[Source "ChessBase"]
[SourceDate "2001.11.13"]
[SourceVersion "1"]
[SourceVersionDate "2001.11.13"]
[SourceQuality "1"]

1. d4 Nf6 2. c4 c5 3. d5 b5 4. Nf3 g6 5. cxb5 a6 6. Qc2 $5 {Kortschnoj plays
this interesting move from time to time. It often requires from Black to
sacrifice even a second P to prevent White from finishing his development and
consolidating his [+] (as it happened in our game).} d6 $6 {Already this move
is inaccurate.} (6... Bg7 $142 7. e4 (7. Qxc5 O-O 8. Nc3 d6 9. Qc4 axb5 10.
Nxb5 Nbd7 11. e3 Bb7 12. Qc2 Nxd5 13. Bd2 Qb6 14. Be2 Rfc8 15. Qb1 Nc5 16. O-O
Ba6 17. a4 Nxa4 18. Qd3 Nc7 19. Rxa4 Bxb5 20. Rxa8 Rxa8 21. Qb3 Qa6 22. Bxb5
Qxb5 23. Qc2 {1/2,Sokolov,I-Khalifman,A/Wijk aan Zee/1995/}) 7... O-O (7...
axb5 8. Bxb5 O-O 9. O-O Ba6 10. Na3 Qb6 11. Bxa6 Nxa6 12. Nc4 Nb4 13. Qe2 Qb5
14. a3 e6 15. dxe6 fxe6 16. Bf4 Nc6 17. Bd6 Nh5 18. Rac1 Bh6 19. Rc3 Nd4 20.
Qd1 Nxf3+ 21. gxf3 Nf4 22. Kh1 $16 {Flear,G-Guidarelli,L/Bordeaux/2001/}) 8.
Nc3 Bb7 $5 9. a4 (9. Bf4 d6 10. Bc4 (10. a4 e6 $132) 10... axb5 11. Nxb5 Nbd7
12. O-O Nb6 13. Be2 $2 (13. Nd2 $142 $13) 13... Nxe4 $1 14. Qxe4 Ra4 15. Nfd4
Bxd4 16. Nxd4 Rxd4 17. Qf3 Nxd5 18. Bh6 Qa8 19. Qg3 Re8 $17 {Psakhis,L-Arbakov,
V/Irkutsk/1983/}) 9... e6 10. d6 axb5 11. Bxb5 Nc6 12. Bxc6 Bxc6 13. O-O Qb8
14. Be3 Qb4 15. Ne5 Bxe4 16. Nxe4 Nxe4 17. Nxd7 Rfd8 18. Nxc5 Nxd6 19. Nd3 Qe4
{Bagirov,V-Glek,I/Tashkent/1984/} 20. Rfc1 Nf5 21. Nc5 Qb4 $11) 7. e4 Bg7 8.
Nc3 (8. a4 $5 O-O 9. Na3 e6 10. dxe6 fxe6 11. Bd3 axb5 12. axb5 Nbd7 13. O-O
Nh5 14. Bg5 Bf6 15. Bh6 Bg7 16. Bxg7 Kxg7 17. Qc3+ e5 18. Nc4 $16 {Gutman,
L-Hertneck,G/Kirchheim act/1990/}) 8... O-O 9. a4 $1 {It's important to
reinforce the b5-outpost.} (9. Be2 $143 axb5 10. Bxb5 Ba6 11. O-O Nbd7 12. h3
Nb6 13. Re1 Bxb5 14. Nxb5 Qd7 15. Nc3 Rfb8 16. a4 {1/2,Sokolov,I-Georgiev,Kir/
Moscow olm/1994/} Ra6 $44) 9... axb5 (9... e6 10. dxe6 Bxe6 (10... fxe6 11. Bg5
Qa5 12. Bd2 Qc7 13. Bc4 $16 axb5 $6 14. Nxb5 Qc6 15. Nxd6 Qxd6 16. e5 Qc6 17.
exf6 Rxf6 18. O-O Bb7 19. Rfe1 h6 20. Rxe6 Rxe6 21. Qxg6 Bc8 22. Bxh6 Ra7 23.
Ng5 {1-0,Zontakh,A-Pikula,D/Lazarevac/1999/}) 11. Be2 axb5 12. Bxb5 d5 13. O-O
$5 d4 14. Ne2 Na6 15. Nf4 Bd7 16. Bd2 Qe8 17. e5 Ng4 18. Qc4 Nc7 19. Bxd7 Qxd7
20. Qxc5 Ne6 21. Qd5 Qxd5 22. Nxd5 Nxe5 23. Nxe5 Bxe5 24. b4 $16 {Dao Thien
Hai-Fogarasi,T/Budapest/1996/}) 10. Bxb5 Na6 11. O-O (11. h3 Nc7 12. Bc4 Ba6
13. Bxa6 Rxa6 14. O-O Qa8 15. Be3 Rb8 16. Nd2 Nd7 17. b3 e6 18. dxe6 fxe6 19.
Rab1 Rc6 20. Rfd1 Bd4 21. Nf1 Bg7 22. Nb5 $1 Nxb5 23. axb5 Rcb6 24. b4 $16 {
Istratescu,A-Ermenkov,E/EU-ch Ohrid/2001/}) 11... Nb4 12. Qe2 Ne8 (12... Ba6
13. Bg5 Nd7 14. Ra3 h6 15. Bf4 Kh7 16. Bxa6 (16. e5 $1 Bxb5 17. axb5 $16) 16...
Rxa6 17. Rd1 Qa8 18. e5 Nb6 19. exd6 exd6 20. Bxd6 Re8 21. Qb5 Nc2 22. Ra2 Nd4
$132 {Van Gisbergen,S-Erwich,F/NED-chT/2000/}) 13. h3 $146 {White denies
Black's Bc8 the g4-square.} ({But also strong was} 13. Bg5 Nc7 14. Bc4 Bg4 (
14... Ba6 15. Rac1 Bxc4 16. Qxc4 Rb8 17. e5 $5 dxe5 18. Rfd1 Qd7 19. Qxc5 f6
20. Be3 Rfd8 21. a5 Nbxd5 22. a6 e6 23. a7 $16 {Hoffman,A-Giardelli,S/Pinamar/
2001/}) 15. Rfc1 h6 16. Bh4 Bh5 $5 17. Ra3 g5 18. Bg3 e6 19. dxe6 Nxe6 20. Nb5
Nd4 {Kopjonkin,G-Vajda,A/Erkelmem/1992/} 21. Nbxd4 $16) 13... Nc7 14. Bg5 $5 {
The Bb5 is important to plug the b-file and stop <<<=>.} h6 $1 (14... Nxb5 15.
axb5 Rxa1 16. Rxa1 Bd7 17. Ra7 $16) 15. Bd2 Nc2 (15... Nxb5 16. Nxb5 $1 (16.
axb5 Bd7 $13) 16... Ba6 (16... Bxb2 17. Rab1 Bg7 18. Bxb4 cxb4 19. Rxb4 $16)
17. Bc3 $14 {/+/-}) 16. Rac1 Nd4 (16... Nxb5 17. Nxb5 $16) 17. Nxd4 cxd4 $8 18.
Nb1 Nxb5 19. axb5 $14 {Although the Pb5 is vulnerable, it is a passed pawn and
controls c6.} Bd7 (19... f5 $5 {to get <=> was interesting.}) 20. Qd3 Qb6 21.
Na3 Rfb8 $2 {A serious tactical error, after which White consolidates his
extra P.} ({Necessary was} 21... Rab8 22. Rc6 $5 (22. Rc4 Bxb5 23. Nxb5 Qxb5
24. b4 $14) 22... Bxc6 23. dxc6 $44) 22. Rc4 $1 $16 Qd8 (22... Bxb5 $2 23. Nxb5
Qxb5 24. Rc8+ $18) 23. Rb4 Rb6 (23... f5 $142 $16) 24. Nc2 Kh7 25. Nxd4 Bxd4
26. Qxd4 Rxb5 27. Rxb5 Bxb5 {White has not only an extra P, but the ^- give
him good attacking chances. Kortschnoj will energetically decide the game in a
few moves.} 28. Qe3 $1 $18 (28. Rc1 Rc8 $16) 28... Qf8 (28... Bxf1 29. Qxh6+
Kg8 30. Bc3 f6 31. Qxg6+ Kh8 (31... Kf8 $2 32. Bd2 $18) 32. Kxf1 $18) (28... g5
29. Rc1 $18 {[%csl Rf7,Rg5,Rh6] ׻}) 29. Rc1 $40 Rb8 30. Rc7 Ba6 31. Ra7 Bc4
32. Qd4 Bb3 33. Bc3 {Only now, when White's R is active, the B occupies the
long /^. Black is more or less paralyzed.} Rc8 34. f4 $22 (34. e5 dxe5 (34...
Rc4 35. Qb6) 35. Qxe5 Rd8 36. Rxe7 Bxd5 37. b4 $18 {is already not enough for
White.}) 34... Bc2 35. e5 $1 Rd8 $6 (35... dxe5 36. Qxe5 Bb3 37. f5 $18 {->}) (
35... Bb3 36. f5 $1 gxf5 37. exd6 exd6 38. Qf6 Bxd5 39. Qxf5+ $18) 36. exd6 (
36. exd6 exd6 (36... Rxd6 37. Ra8 $1 $18) 37. Qf6 $18) 1-0

[Event "EU-Cup 17th"]
[Site "Panormo"]
[Date "2001.09.23"]
[Round "1.3"]
[White "Borriss, Martin"]
[Black "Kortschnoj, Viktor Lvovich"]
[Result "0-1"]
[WhiteElo "2445"]
[BlackElo "2617"]
[PlyCount "68"]
[EventDate "2001.09.22"]
[EventType "team-swiss"]
[EventRounds "7"]
[EventCountry "GRE"]
[SourceTitle "CBM 084 Extra"]
[Source "ChessBase"]
[SourceDate "2001.10.26"]
[SourceVersion "1"]
[SourceVersionDate "2001.10.26"]
[SourceQuality "1"]
[WhiteTeam "Berlin SF"]
[BlackTeam "St Petersburg"]
[WhiteTeamCountry "GER"]
[BlackTeamCountry "RUS"]

1. e4 e6 2. d4 d5 3. Nc3 Nf6 4. e5 Nfd7 5. f4 c5 6. Nf3 Nc6 7. Be3 a6 8. Qd2
cxd4 9. Nxd4 Bc5 10. O-O-O O-O 11. h4 Nxd4 12. Bxd4 b5 13. Rh3 Bb7 14. g4 b4
15. Ne2 a5 16. g5 Qb6 17. Kb1 Ba6 18. Re3 Rfc8 19. Bg2 Bxe2 20. Rxe2 a4 21. f5
b3 22. cxb3 axb3 23. a3 Bxd4 24. Qxd4 Rc5 25. h5 Rac8 26. Qd3 Rc2 27. g6 Qc5
28. gxf7+ Kf8 29. Qxb3 Rxe2 30. fxe6 Nxe5 31. Bxd5 Qc2+ 32. Ka2 Qxb3+ 33. Bxb3
Rb8 34. Rd5 Nc4 0-1

[Event "EU-Cup 17th"]
[Site "Panormo"]
[Date "2001.09.24"]
[Round "2.3"]
[White "Kortschnoj, Viktor Lvovich"]
[Black "Jakubiec, Artur"]
[Result "1-0"]
[WhiteElo "2617"]
[BlackElo "2497"]
[PlyCount "81"]
[EventDate "2001.09.22"]
[EventType "team-swiss"]
[EventRounds "7"]
[EventCountry "GRE"]
[SourceTitle "CBM 084 Extra"]
[Source "ChessBase"]
[SourceDate "2001.10.26"]
[SourceVersion "1"]
[SourceVersionDate "2001.10.26"]
[SourceQuality "1"]
[WhiteTeam "St Petersburg"]
[BlackTeam "Plock"]
[WhiteTeamCountry "RUS"]
[BlackTeamCountry "POL"]

1. d4 f5 2. Nf3 Nf6 3. c4 g6 4. g3 Bg7 5. Bg2 O-O 6. b4 c6 7. O-O Na6 8. b5
cxb5 9. cxb5 Nc7 10. Nc3 d6 11. a4 Rb8 12. Ba3 Kh8 13. Rc1 Ne4 14. Qc2 Nxc3 15.
Qxc3 Ne6 16. Qc4 Bd7 17. d5 Rc8 18. Qd3 Nc5 19. Bxc5 dxc5 20. Qe3 b6 21. Rfd1
a6 22. d6 e6 23. bxa6 Ra8 24. Ng5 Rxa6 25. Nxe6 Bxe6 26. Qxe6 Rxa4 27. e3 Qf6
28. Qb3 Rb4 29. Qd5 Rd8 30. d7 Rb2 31. Ra1 Bf8 32. Ra8 Be7 33. Rxd8+ Bxd8 34.
Bf1 Kg7 35. h4 Rb4 36. Bc4 Ra4 37. Kh2 Ra7 38. Qg8+ Kh6 39. Bf7 Qe7 40. Bxg6
Rxd7 41. Bxh7 1-0

[Event "Basel Hilton op 04th"]
[Site "Basel"]
[Date "2002.01.06"]
[Round "7"]
[White "Kortschnoj, Viktor Lvovich"]
[Black "Solak, Dragan"]
[Result "1-0"]
[WhiteElo "2633"]
[BlackElo "2501"]
[PlyCount "37"]
[EventDate "2002.01.01"]
[EventType "swiss"]
[EventRounds "7"]
[EventCountry "SUI"]
[SourceTitle "CBM 086 Extra"]
[Source "ChessBase"]
[SourceDate "2002.03.14"]
[SourceVersion "1"]
[SourceVersionDate "2002.03.14"]
[SourceQuality "1"]

1. d4 g6 2. c4 Bg7 3. Nc3 d6 4. e4 e5 5. Nf3 Nc6 6. Bg5 f6 7. Be3 Nh6 8. dxe5
Nxe5 9. Be2 Nhg4 10. Bd4 c5 11. Bxe5 fxe5 12. Qd3 Nf6 13. O-O-O Ke7 14. Qe3 Qa5
15. Rxd6 Ng4 16. Qg5+ Kxd6 17. Qd2+ Ke6 18. Ng5+ Kf6 19. Nd5# 1-0

[Event "Mitropa Cup 21st"]
[Site "Leipzig"]
[Date "2002.05.05"]
[Round "3.1"]
[White "Kortschnoj, Viktor Lvovich"]
[Black "Balinov, Ilia"]
[Result "1-0"]
[WhiteElo "2635"]
[BlackElo "2460"]
[Annotator "Krasenkow,M"]
[PlyCount "57"]
[EventDate "2002.05.03"]
[EventType "team-tourn"]
[EventRounds "9"]
[EventCountry "GER"]
[SourceTitle "CBM 089"]
[Source "ChessBase"]
[SourceDate "2002.08.12"]
[SourceVersion "1"]
[SourceVersionDate "2002.08.12"]
[SourceQuality "1"]
[WhiteTeam "Switzerland"]
[BlackTeam "Austria"]
[WhiteTeamCountry "SUI"]
[BlackTeamCountry "AUT"]

1. Nf3 {Kortschnoj} Nf6 2. c4 g6 3. Nc3 d5 4. cxd5 Nxd5 5. e4 Nxc3 6. bxc3 Bg7
7. d4 c5 8. Be3 Qa5 9. Bd2 O-O 10. Be2 Bg4 11. O-O {About this line - see
CBM88, annotations to Eljanov-Macieja.} Rd8 {Black prompts d4-d5 to win the c3
pawn.} (11... e6 {is more solid-see Eljanov-Macieja and Kortschnoj-Ruck in
this issue.}) 12. d5 Bxf3 {'?' Kortschnoj.} (12... Bxc3 13. Bxc3 (13. Rb1 {
Kortschnoj} Bxd2 14. Nxd2 Bxe2 15. Qxe2 Qc7 16. Nc4 Nd7 {I think white doesn't
have enough compensation for the pawn.}) 13... Qxc3 14. Rc1 Qa3 15. Ne5 $1) 13.
Bxf3 Bxc3 {Having said "a", Black should say "b". Otherwise White will push
c3-c4 and obtain an advantage for nothing.} 14. Bxc3 Qxc3 15. Rb1 $5 {
Kortschnoj: 'But here the initiative of white is very strong.'} (15. Rc1 Qa5
16. e5 {is unclear in view of} Nc6 17. Re1 Nd4 {although in the following game
White won after a tough battle:} 18. Be4 Rac8 19. h4 Qxa2 20. h5 $44 Rxd5 $2
21. hxg6 hxg6 22. Ra1 Qc4 23. Ra4 Ne2+ 24. Qxe2 Qxe2 25. Rxe2 Rxe5 26. Bxb7
Rxe2 27. Bxc8 $18 {1-0 Ikonnikov,V-Voekler,B/Katowice 1991/EXT 97 (39)}) 15...
b6 (15... Rd7 {Kortschnoj} 16. Qa4 $16) 16. e5 {'!' Kortschnoj.} Na6 (16... Nc6
{is now met with} 17. d6 $1 Rac8 18. Bxc6 Rxc6 19. dxe7 $1 Re8 20. Qd7 $16) ({
An attempt to sac the exchange in another version:} 16... Nd7 17. d6 Qxe5 18.
Bxa8 Rxa8 {leads after} 19. dxe7 Qxe7 20. Re1 Qd8 21. Qf3 {[%cal Yb1d1,Gd1d8,
Ge1e8,Gf3f7,Gf3b7] to a clear positional advantage for White, due to his
powerful centralization.}) (16... Qxe5 {Kortschnoj} 17. d6 Rxd6 18. Qa4 {
white wins a piece and has a clear edge, although still needs to demonstrate
technical perfection.}) 17. d6 Qxe5 $6 {This move not just gives up the
exchange but enables White to keep his passed pawn.} ({The cool} 17... Rab8 {
was better, after which it is not easy for White to obtain an advantage.} 18.
Qe2 $5 (18. Qa4 Nb4 (18... Qa5 {Kortschnoj} 19. Qxa5 bxa5 20. dxe7 Re8 21. Rxb8
Nxb8 22. Rd1 Rxe7 23. Rd8+ $18) 19. dxe7 Re8 20. Qxa7 (20. a3 Nd3 21. Rb3 {
yields White nothing after} Qd2 $1 ({but not} 21... Qc2 $2 22. Bc6 Rxe7 23.
Rxb6 $3 $18)) 20... Qxe5 21. Rfe1 Qf6 22. Qc7 Nc2 {with sufficient counterplay
for Black.}) 18... c4 (18... Nb4 $143 19. Rfd1 $1 exd6 20. Rb3 $1 (20. exd6
$143 Qc2) 20... Qxe5 21. Re3 Qf5 22. a3 {winning a piece and maintaining
initiative, even though Black obtains a sufficient material equivalent.} Nc2 (
22... Qc2 23. axb4 Qxe2 24. Bxe2 cxb4 25. Ba6 $1) 23. g4 Nxe3 24. gxf5 Nxd1 25.
Qxd1 $16) 19. dxe7 Re8 20. Rfc1 ({or} 20. Rbc1 Qd3) 20... Qd3 21. Rd1 Qxe2 22.
Bxe2 Rbc8 23. Rd4 Rxe7 {the main enemy has fallen!} 24. Bxc4 Nc5 $11) 18. Bxa8
Rxa8 19. Qf3 {'!' Kortschnoj. Kortschnoj: 'With the idea 19...Rd8 (or e8) 20.
Qb7!'} Rb8 20. d7 $16 {[%csl Gd7] This pawn can't be captured and becomes a
dominant factor of the position.} Qc7 (20... Rd8 21. Qb7 {[%cal Rb7a6,Rf1e1]}
Nb4 22. Rxb4 $1 cxb4 23. Qc8 Qb8 24. Qxb8 Rxb8 25. Rc1 $18) (20... Nb4 21. Rfe1
Qg5 22. h4 $1 Qxh4 23. Rxb4 $1 cxb4 (23... Qxb4 24. Rxe7 $18) 24. Rc1 $18) 21.
Qe2 Nb4 {'?' Kortschnoj. Kortschnoj: 'Missing the last chance:'} (21... c4 $142
{to quickly create counterplay.}) 22. Qxe7 Nc6 (22... Nd3 23. Rfd1 c4 24. Rbc1
$1 $18) 23. Qe8+ Kg7 24. Rfe1 Rd8 25. Rbd1 c4 26. h4 $6 (26. Re3 $1 {, with
the same plan as in the game (Rd5 and Rf3), was winning at once.}) 26... h5 $6
(26... c3 {was quite a hopeless "must":} 27. Re2 Qf4 28. Rd3 Qc4 29. Qe3 Qxh4
30. Rd6 Qc4 31. Rc2 $18 {[%csl Rc3]}) 27. Re3 b5 28. Rd5 {[%cal Re3f3] '+-!'
Kortschnoj. Kortschnoj: 'Threatening with Rf3.'} Qb8 29. Rc5 1-0

[Event "Mitropa Cup 21st"]
[Site "Leipzig"]
[Date "2002.05.07"]
[Round "5.1"]
[White "Kortschnoj, Viktor Lvovich"]
[Black "Borgo, Giulio"]
[Result "1-0"]
[WhiteElo "2635"]
[BlackElo "2418"]
[Annotator "Lutz,C"]
[PlyCount "65"]
[EventDate "2002.05.03"]
[EventType "team-tourn"]
[EventRounds "9"]
[EventCountry "GER"]
[SourceTitle "CBM 089"]
[Source "ChessBase"]
[SourceDate "2002.08.12"]
[SourceVersion "1"]
[SourceVersionDate "2002.08.12"]
[SourceQuality "1"]
[WhiteTeam "Switzerland"]
[BlackTeam "Italy"]
[WhiteTeamCountry "SUI"]
[BlackTeamCountry "ITA"]

1. d4 d5 2. c4 e6 3. Nf3 Nf6 4. Nc3 c6 5. Qb3 {Kortschnoj ist ein großer
Verfechter dieses Damenzuges. Da Schwarz nicht das normale 5...dxc4 spielt,
hat die entstehende Stellung mehr Ähnlichkeit mit Katalanisch als mit
Semi-Slawisch.} Nbd7 6. g3 Bd6 7. Bg2 O-O 8. O-O dxc4 9. Qxc4 e5 10. Bg5 {
Weiß tauscht einige Figuren ab, um ein Endspiel mit einem kleinen, aber
deutlichen Vorteil zu erhalten.} h6 11. Bxf6 Qxf6 12. Ne4 Qe7 13. Nxd6 Qxd6 14.
Rfd1 Re8 15. e4 exd4 16. Nxd4 Qc5 17. Qxc5 Nxc5 18. f3 $14 {In dem Endspiel
hat Weiß einigen Vorteil, da er über Raumvorteil verfügt und seine Mehrheit im
Zentrum leichter in Bewegung bringen kann als der Schwarze am Damenflügel.
Zudem steht der Nc5 unglücklich.} Na4 {Schwarz gruppiert den Springer um, aber
auch auf b6 steht er nicht gut.} 19. b3 Nb6 20. Rac1 Bd7 21. a4 $5 {Es ist ser
verlockend, ...a7-a5 zu provozieren, da so der schwarze a-Bauer zu einem Ziel
werden kann nd Schwarz weitere Verrenkungen unternehmen muss. Nachteilig ist
aber, dass die Bauern a4 und b3 auf der Farbe des Bd7 festgelegt sind.} (21.
Kf2 Rad8 $5 {/\ ...Nc8-e7}) 21... a5 22. Rd2 Kf8 23. f4 f6 24. Kf2 Re7 25. Rc3
Nc8 {Wegen der Moglichkeit Rc5 mit Angriff auf den a-Bauern muss der schwarze
Springer eine komische Route nehmen. Dies gibt Weiß die Gelegenheit zu einem
Vorstoß im Zentrum.} (25... Rae8 26. Rc5) 26. Bf3 Na7 27. Re2 Rae8 $2 {Schwarz
sollte es dem Weiß nicht erlauben, mit Tempo den Läufer nach h5 zu bringen.} (
27... Rc8 $5 {bietet gute Gegenchancen.} 28. e5 fxe5 (28... c5 29. exf6 gxf6
30. Rxe7 Kxe7 31. Re3+ Kd6 32. Ne2 $16 {/\ Nc3-e4}) 29. Rxe5 Rxe5 30. fxe5 Re8
31. Re3 c5 $132) 28. Bh5 Rc8 29. e5 fxe5 (29... c5 30. Nf3 $1 $36 {/\ Nh4-g6} (
30. exf6 gxf6 31. Rxe7 Kxe7 $13) (30. e6 $2 cxd4)) 30. fxe5 Kg8 31. Rf3 Rf8 (
31... c5 32. e6 cxd4 (32... Be8 33. Nf5) 33. exd7 Rxd7 34. Bg4 $18) 32. Rxf8+
Kxf8 33. e6 {Hier überschritt Schwarz vermutlich die Zeit, denn seine Stellung
ist zwar schlecht, aber noch nicht aufgabereif.} (33. e6 Be8 ({Nach} 33... Bc8
34. Re5 b6 35. Bg6 {ist Schwarz zur Passivität verdammt und kann nur noch den
König zwische f8 und g8 pendeln, denn} c5 $6 36. Rf5+ Kg8 37. Rd5 {verliert
sofort.}) 34. Bxe8 Rxe8 (34... Kxe8 35. Nf5 Rc7 36. e7 $18) 35. Re5 b6 {
, und ich sehe noch keinen durchschlagenden Weg zum Gewinn.}) 1-0

[Event "Mitropa Cup 21st"]
[Site "Leipzig"]
[Date "2002.05.09"]
[Round "7.1"]
[White "Kortschnoj, Viktor Lvovich"]
[Black "Pira, Davoud"]
[Result "1-0"]
[WhiteElo "2635"]
[BlackElo "2434"]
[PlyCount "65"]
[EventDate "2002.05.03"]
[EventType "team-tourn"]
[EventRounds "9"]
[EventCountry "GER"]
[SourceTitle "CBM 089"]
[Source "ChessBase"]
[SourceDate "2002.08.12"]
[SourceVersion "1"]
[SourceVersionDate "2002.08.12"]
[SourceQuality "1"]
[WhiteTeam "Switzerland"]
[BlackTeam "France"]
[WhiteTeamCountry "SUI"]
[BlackTeamCountry "FRA"]

1. d4 Nf6 2. c4 e6 3. Nf3 b6 4. Nc3 Bb7 5. Bg5 Bb4 6. Nd2 c5 7. a3 Bxc3 8. bxc3
h6 9. Bh4 d6 10. f3 e5 11. e4 Nc6 12. Nb3 Qe7 13. Be2 O-O-O 14. d5 Nb8 15. Nd2
Nbd7 16. Nf1 Rde8 17. Ne3 Qf8 18. Qb1 Nh5 19. Bd1 g6 20. Ba4 f6 21. Bb5 Rh7 22.
a4 Kc7 23. a5 Rb8 24. O-O Rf7 25. axb6+ axb6 26. Bc6 Ra8 27. Qb5 Qb8 28. Ng4
Nf8 29. Rfb1 Nd7 30. Bxd7 Rxd7 31. Bxf6 Rxa1 32. Rxa1 Kc8 33. Bh4 1-0

[Event "Mitropa Cup 21st"]
[Site "Leipzig"]
[Date "2002.05.10"]
[Round "8.1"]
[White "Kalod, Radek"]
[Black "Kortschnoj, Viktor Lvovich"]
[Result "0-1"]
[WhiteElo "2472"]
[BlackElo "2635"]
[Annotator "Kortschnoj,V"]
[PlyCount "98"]
[EventDate "2002.05.03"]
[EventType "team-tourn"]
[EventRounds "9"]
[EventCountry "GER"]
[SourceTitle "CBM 089"]
[Source "ChessBase"]
[SourceDate "2002.08.12"]
[SourceVersion "1"]
[SourceVersionDate "2002.08.12"]
[SourceQuality "1"]
[WhiteTeam "Czech Republic"]
[BlackTeam "Switzerland"]
[WhiteTeamCountry "CZE"]
[BlackTeamCountry "SUI"]

1. e4 e6 2. d4 d5 3. Nd2 c5 4. Ngf3 Nf6 5. e5 Nfd7 6. c3 Nc6 7. Bd3 a5 (7...
Qb6 8. O-O cxd4 9. cxd4 Nxd4 10. Nxd4 Qxd4 11. Nf3 {with good compensation for
the pawn.}) 8. a4 $5 (8. O-O a4 9. Re1 a3 10. b3 cxd4 11. cxd4 Nb4 12. Bb1 Nb8
13. Nf1 {- white's prospects on the kingside should not be underestimated.})
8... cxd4 9. cxd4 Nb4 10. Bb5 ({If} 10. Bb1 {then} b6 {followed by Ba6.}) ({
And after} 10. Be2 {black can force the endgame by 10...Qc7 and then Qc2.} Qc7)
10... Be7 11. O-O O-O 12. Nb1 Nb8 13. Re1 N8c6 14. Nc3 Bd7 15. Bf4 Kh8 16. Qd2
f6 {The only way to undertake some activity, although rather risky.} 17. Rac1
$6 {After} (17. exf6 gxf6 18. Bf1 $1 {and then Nb5 white would have a clear
advantage.}) 17... Rc8 18. Bf1 {Also at this moment taking on f6 would yield
better chances to white.} g5 $1 19. exf6 (19. Bg3 f5 $13) (19. Be3 g4 20. exf6
Bxf6 21. Ne5 Nxe5 22. dxe5 Bxe5 23. Bh6 Bg7 (23... Rf5 $5) 24. Bxg7+ Kxg7 25.
Qd4+ Qf6 26. Qxg4+ Kh8 $11) 19... gxf4 20. fxe7 Qxe7 21. Kh1 {More subtle was}
(21. Bb5 Qg7 22. Kh1 $1 Rg8 23. Rg1 {still with some advantage to white.})
21... Be8 22. Bb5 Bh5 23. Ne5 (23. Bxc6 Bxf3 $15) 23... Nxe5 24. Rxe5 Bg6 25.
Rce1 f3 {From a strategical point of view it is not a strong move. Better was
immediate} (25... Rf6 26. Rxd5 {does not work, due to} (26. Nxd5 Nxd5 27. Rxd5
Rc2 28. Qxa5 $2 (28. Rd7 Rxd2 29. Rxe7 Rxf2 $13) 28... b6 $1 29. Qxb6 (29. Qa6
$145 $1) 29... exd5 $19) 26... Rxc3 27. Rd7 Rc2 28. Qxc2 Nxc2) ({After} 25...
Rf6 {white had to continue} 26. Qe2 Qg7 27. Rxe6 Be4 28. Rxe4 dxe4 29. Qxe4 {
with a slight plus for white.}) 26. g3 Rf6 27. g4 $1 {Unexpected and strong.}
Qg7 28. g5 {But this move is too hasty. After 28.Rg1 white could gradually
surround the pawn f3.} (28. Rg1) 28... Bf5 $1 29. Rg1 (29. Bd7 $5 Rg8 30. Bxe6
{would lead quickly to a draw.}) 29... Rg6 30. Rg3 Rg8 31. Rxf3 Rxg5 32. Rg3
$15 Qh6 33. Ne2 $2 {This is a blunder.} ({After} 33. Re1 {black had to work
hard in order to prove his advantage.}) 33... Be4+ $1 $17 34. Rxe4 dxe4 35. Qe3
Qf6 36. Kg2 Qf5 37. Nc3 Nc2 38. Qxe4 Rxg3+ 39. hxg3 Qxe4+ 40. Nxe4 Nxd4 41. Bc4
Rc8 42. b3 b5 $1 $19 43. Bxb5 (43. axb5 a4 44. Nd6 a3 $19) 43... Nxb3 44. f4
Rc2+ 45. Kh3 Nd4 46. Bd7 Kg7 47. g4 Kf8 48. f5 exf5 49. gxf5 Ke7 0-1